000 00569nam a2200181Ia 4500
008 100920s9999 xx 000 0 und d
082 _b64364
_a891.43 थ 93
100 _aचतुर्वेदी संजय.
245 _aप्रकाशवर्ष.
260 _bआधार प्रकाशन, हरियाणा.
_c1993
300 _a80
_bसाधी
365 _b40
520 _aहिंदी.
630 _aप्रकाशवर्ष.
650 _aहिंदी.
730 _aप्रकाशवर्ष.
942 _cBOOK
999 _c707395
_d707392